header

The masquerades of Nigeria ; and, Touch (Record no. 193306)

MARC details
000 -LEADER
fixed length control field 01213nam a2200325Ia 4500
100 1# - MAIN ENTRY--AUTHOR NAME
Personal name Griffiths, David.
245 14 - TITLE STATEMENT
Title The masquerades of Nigeria ; and, Touch
260 ## - PUBLICATION, DISTRIBUTION, ETC. (IMPRINT)
Place of publication Australia :
Name of publisher Harwood Academic Publishers,
Year of publication c1998.
300 ## - PHYSICAL DESCRIPTION
Number of Pages 79 p. :
Other physical details ill.
490 0# - SERIES STATEMENT
Series statement Mask: a release of acting resources ;
500 ## - GENERAL NOTE
General note Includes index.
650 #0 - SUBJECT ADDED ENTRY--TOPICAL TERM
Topical Term Masquerades
Topical Term Masks.
856 40 - ELECTRONIC LOCATION AND ACCESS
Uniform Resource Identifier http://site.ebrary.com/lib/rucke/Doc?id=10099092

No items available.

© 2026 Rongo University
Contact us: librarian | system librarian | Rongo university